Trắc nghiệm 58 giống đậu nành mới du nhập trồng tại Cần Thơ
Gorde:
| Egile nagusia: | |
|---|---|
| Formatua: | Liburua |
| Hizkuntza: | Undetermined |
| Argitaratua: |
Cần Thơ
Viện Đại Học Cần Thơ - Trường Cao Đẳng Nông Nghiệp
1972
|
| Gaiak: | |
| Etiketak: |
Etiketa erantsi
Etiketarik gabe, Izan zaitez lehena erregistro honi etiketa jartzen!
|
| Thư viện lưu trữ: | Trung tâm Học liệu Trường Đại học Cần Thơ |
|---|
| LEADER | 00647nam a2200181Ia 4500 | ||
|---|---|---|---|
| 001 | CTU_33612 | ||
| 008 | 210402s9999 xx 000 0 und d | ||
| 082 | |a 633.34 | ||
| 082 | |b Qu105 | ||
| 100 | |a Quách Như Quan | ||
| 245 | 0 | |a Trắc nghiệm 58 giống đậu nành mới du nhập trồng tại Cần Thơ | |
| 245 | 0 | |c Quách Như Quan, Lê Quang Bạo | |
| 260 | |a Cần Thơ | ||
| 260 | |b Viện Đại Học Cần Thơ - Trường Cao Đẳng Nông Nghiệp | ||
| 260 | |c 1972 | ||
| 650 | |a field crops,soybean | ||
| 904 | |i Minh, 991104 | ||
| 980 | |a Trung tâm Học liệu Trường Đại học Cần Thơ | ||